| 000 | 00730pam a2200241 a 4500 | ||
|---|---|---|---|
| 008 | |||
| 020 | _a0443026726 (pbk.) | ||
| 049 | _aMAIN | ||
| 050 | 0 | 0 |
_aQM23.2 _bROG |
| 100 | 1 | _aRogers, Andrew W. | |
| 245 | 1 | 0 |
_aTextbook of anatomy / _cA.W. Rogers ; with contributions by S. Jacobs ; illustrations by Marks Creative Consultants. |
| 260 |
_aEdinburgh : _bChurchill Livingstone, _c1992. |
||
| 300 |
_axi, 779 p. : _bill. (some col.) ; _c28 cm. |
||
| 500 | _aIncludes indexes. | ||
| 650 | 0 | _aHuman anatomy. | |
| 650 | 2 | _aAnatomy. | |
| 700 | 1 | _aJacobs, S. | |
| 907 |
_a.b10254778 _b25-04-13 _c22-04-08 |
||
| 003 | |||
| 005 | 20240919123943.0 | ||
| 040 | _cNUST | ||
| 942 |
_cBOOKS _01 |
||
| 999 |
_c132152 _d132152 |
||